LEADER 01130nam a2200253 4500 001 000000339170 003 CaOOAMICUS 005 20200212120923.0 008 200203s2011 it 000 u ita r 020 $a978-88-07-10471-8 040 $aSeMil$bita 100 1 $aStoppa, Francesco,$d<1955- >.$0(OLS)http://semarc/name/110857 245 13$aLa restituzione :$bperché si è rotto il patto tra le generazioni /$cFrancesco Stoppa. 264 1$aMilano :$bFeltrinelli,$c2011. 300 $a253 p. ;$c22 cm 650 4$aGenerazioni - Rapporti.$0(OLS)http://semarc/subject/48982 650 4$aDialogo intergenerazionale.$0(OLS)http://semarc/subject/48981 830 0$aCampi del sapere.$0(OLS)http://semarc/title/6510 850 $aSeMil 852 $aSeMil$W1$xVenegono$y1$m2O VII 73$j218569$B230493$CSeMilBibl$Z2$F230493 $81 996 $6020$a978-88-07-10471-8$9(OLS)http://semarc/number/289797 996 $6245$aLa restituzione :$bperché si è rotto il patto tra le generazioni$9(OLS)http://semarc/title/427970 996 $6264$aMilano :$bFeltrinelli$9(OLS)http://semarc/publisher/30237 LEADER 01218nam a2200289 i 4500 001 000000045599 003 CaOOAMICUS 005 20090329000000.0 008 090329s1987 it u000 u ita u 013 $a16769 020 $a88-420-2669-6 040 $aSeMil$bita 100 1 $aOberman, Heiko Augustinus <1930-2001>.$0(OLS)http://semarc/name/10146 240 10$aLuther : Mensch zwischen Gott und Teufel.$0(OLS)http://semarc/title/67850 245 10$aMartin Lutero :$bun uomo tra Dio e il diavolo /$cHeiko A. Oberman. 260 $aRoma ; Bari :$bLaterza,$c1987. 300 $aVIII, 367 p. ;$c22 cm. 490 0 $aStoria e società 500 $aContiene : Tavola cronologica. 600 14$aLutero, Martin <1483-1546>.$0(OLS)http://semarc/subject/3365 830 0$aStoria e società.$0(OLS)http://semarc/title/2818 850 $aSeMil 852 $aSeMil$W1$xVenegono$y1$m3A III 116$j11754$B11754$CSeMilBibl$Z2$F11754 $81 961 $aOmaggio: Agenzia internazionale 996 $6020$a88-420-2669-6$9(OLS)http://semarc/number/17858 996 $6245$aMartin Lutero :$bun uomo tra Dio e il diavolo$9(OLS)http://semarc/title/67849 996 $6260$aRoma ; Bari :$bLaterza$9(OLS)http://semarc/publisher/30305